Curso de direito administrativo / (Record no. 787)

MARC details
000 -LÍDER
Campo Fixo de Controle 00846nam a2200265 a 4500
001 - NÚMERO DE CONTROLE
Campo de Controle 787
003 - IDENTIFICAÇÃO DO NÚMERO DE CONTROLE
Campo de Controle BR-CuiBMT
005 - DATA E HORA DA ÚLTIMA ATUALIZAÇÃO
Campo de Controle 20231117180223.0
008 - DADOS FIXOS
Dados Fixos 231110s2010 spb 001 0 por d
020 ## - INTERNATIONAL STANDARD BOOK NUMBER
Nº do ISBN 9788574209944
040 ## - AGÊNCIA CATALOGADORA
Código da Agência Catalogadora BR-CuiBMT
Agência que transcreveu o registro BR-CuiBMT
080 ## - Nº DA CLASSIFICAÇÃO DECIMAL UNIVERSAL
Nº edição CDU 2007
Nº Class. CDU 342.9
090 ## - NÚMERO DE CHAMADA
Nº classificação 342.9
Cutter M527c
Ano/Edição 27. ed.
100 1# - ENTRADA PRINCIPAL -- AUTOR PESSOAL
Nome pessoal Mello, Celso Antônio Bandeira de,
Datas associadas ao nome 1936-
245 10 - TÍTULO PRINCIPAL
Título principal Curso de direito administrativo /
Indicação de responsabilidade Celso Antônio Bandeira de Mello.
250 ## - EDIÇÃO
Edição 27. ed. rev. e atual.
260 ## - PUBLICAÇÃO, DISTRIBUIÇÃO, ETC.
Local de publicação São Paulo :
Editora Malheiros,
Data 2010.
300 ## - DESCRIÇÃO FÍSICA
N. páginas ou volumes 1119 p. ;
Dimensões 21 cm
500 ## - NOTAS GERAIS
Notas gerais Edição revista e atualizada até a Emenda Constitucional 64, de 4.2.2010.
504 ## - NOTA DE BIBLIOGRAFIA, ETC.
Nota de bibliografia Inclui bibliografia e índice.
650 ## - ASSUNTO TÓPICO
Cabeçalho tópico ou nome geográfico Direito administrativo
650 ## - ASSUNTO TÓPICO
Cabeçalho tópico ou nome geográfico Administração pública
650 ## - ASSUNTO TÓPICO
Cabeçalho tópico ou nome geográfico Atos administrativos
942 ## - ELEMENTOS DE ENTRADA ADICIONAIS (KOHA)
Fonte de classificação ou esquema de arquivamento Classificação Decimal Universal
Tipo de item do Koha Livros
Holdings
Estado: removido Estado: perdido Fonte de classificação ou esquema de arquivamento Estado: danificado Indisponível para empréstimo Localização permanente Localização atual Data de aquisição Total Checkouts Número de Chamada completo Código de barras Date due Date last seen Date last checked out Número do exemplar Preço efetivo a partir de Tipo de item (Koha)
    Classificação Decimal Universal     Biblioteca da Escola Superior de Contas do TCE/MT Biblioteca da Escola Superior de Contas do TCE/MT 15/10/2023 1 342.9 M527c 27. ed. BIBTCEMT23110710 26/04/2025 11/04/2025 11/04/2025 Ex. 1 17/11/2023 Livros

Powered by Koha